000 00673nam a2200289Ia 4500
005 20260324133156.0
008 008 260324s9999 xx 000 0 eng d
020 _a9780203057223
037 _aEBOOK
040 _aCRL
040 _beng
040 _cCRL
041 _2eng
041 _aeng
084 _qCRL
100 _aJohn Wallraff
_91192079
245 0 _aFrom Drags to Riches
245 4 _bThe Untold Story of Charles Pierce
260 _bTaylor and Francis
260 _c2003
365 _a
365 _b230
856 _uhttp://www.taylorfrancis.com/books/9780203057223
942 _cEBOOK
999 _c1790899
_d1790899